[Event "4NCL Division 3 North"]
[Site "Bolton, ENG"]
[Date "2017.02.11"]
[Round "5.54"]
[White "Taylor, Robert P"]
[Black "Nezis, Anastasios"]
[Result "0-1"]
[WhiteElo "1893"]
[BlackElo "1918"]
[PlyCount "228"]
[EventDate "2017.02.11"]
[WhiteTeam "Ashfield Breadsall 2"]
[BlackTeam "Jorvik"]

1. d4 c6 2. Nc3 g6 3. Bg5 Bg7 4. e3 d6 5. Bd3 Qa5 6. Nf3 Bg4 7. Bh4 Qh5 8. Bg3
Nh6 9. Qe2 Nf5 10. Bxf5 Qxf5 11. O-O h5 12. e4 Bxf3 13. exf5 Bxe2 14. Nxe2 gxf5
15. Bh4 Nd7 16. c3 Bf6 17. Bxf6 Nxf6 18. Ng3 e6 19. Rfe1 Kd7 20. Re2 Rag8 21.
Rae1 Nd5 22. f3 Nf4 23. Rd2 Rg6 24. Nf1 Nh3+ 25. Kh1 Rhg8 26. Ne3 Ng5 27. h4
Nh7 28. c4 Nf6 29. b4 Ne8 30. a4 Ng7 31. d5 cxd5 32. cxd5 e5 33. Rc1 Rc8 34.
Rdc2 Rxc2 35. Rxc2 f4 36. Nc4 Nf5 37. Na5 Nd4 38. Rc3 b6 39. Nc6 Nxc6 40. Rxc6
Rg8 41. Kg1 f5 42. Kf2 e4 43. fxe4 fxe4 44. a5 Re8 45. axb6 axb6 46. Rxb6 Re5
47. Rb7+ Kc8 48. Rf7 e3+ 49. Ke2 Re4 50. b5 Rd4 51. Rf5 Rd2+ 52. Kf1 Rf2+ 53.
Ke1 Kb7 54. Rxh5 Rxg2 55. Rf5 Rg4 56. h5 Rh4 57. h6 Kb6 58. h7 Kxb5 59. Rxf4
Rxh7 60. Re4 Kc5 61. Rxe3 Kxd5 62. Kd2 Rh2+ 63. Kd3 Kc5 64. Rg3 d5 65. Rf3 Ra2
66. Rf8 Ra3+ 67. Kd2 Rh3 68. Rg8 Kc4 69. Rc8+ Kd4 70. Rg8 Rh2+ 71. Kd1 Kd3 72.
Rg3+ Kc4 73. Rf3 Kd4 74. Rg3 Ke4 75. Rg4+ Kd3 76. Rg3+ Kc4 77. Ra3 d4 78. Ra4+
Kd3 79. Ra3+ Ke4 80. Rg3 Kf4 81. Rd3 Ke5 82. Rg3 Ke4 83. Rg4+ Kd3 84. Rg3+ Kc4
85. Rg8 Kc3 86. Rc8+ Kd3 87. Ke1 Rh1+ 88. Kf2 Kd2 89. Ra8 Rh2+ 90. Kf3 Kc3 91.
Rc8+ Kd2 92. Ra8 Rh3+ 93. Ke4 d3 94. Ra2+ Kc3 95. Ra3+ Kc2 96. Ra2+ Kb3 97. Rd2
Kc3 98. Ra2 d2 99. Ra3+ Kb2 100. Rxh3 d1=Q 101. Rf3 Kc2 102. Kf4 Kd2 103. Kg3
Ke2 104. Rf5 Qd4 105. Rf4 Qg1+ 106. Kh4 Qg6 107. Rg4 Qh6+ 108. Kg3 Ke3 109. Kg2
Qc6+ 110. Kg3 Qd6+ 111. Kg2 Qd5+ 112. Kg3 Qh5 113. Rg8 Qe5+ 114. Kh4 Qh2+ 0-1

[Event "4NCL Division 3 North"]
[Site "Bolton, ENG"]
[Date "2017.02.11"]
[Round "5.55"]
[White "Anderson, Paul W"]
[Black "Hill, Maurice J"]
[Result "1-0"]
[WhiteElo "1749"]
[BlackElo "1890"]
[Annotator "Barnes,Lara"]
[PlyCount "71"]
[EventDate "2017.02.11"]
[WhiteTeam "Jorvik"]
[BlackTeam "Ashfield Breadsall 2"]

1. c4 Nf6 2. Nc3 d6 3. g3 c5 4. Bg2 Nc6 5. Nf3 g6 6. a3 Bg7 7. Rb1 Bf5 8. d3 d5
9. Nxd5 Nxd5 10. cxd5 Nd4 11. Nxd4 cxd4 12. O-O Qd7 13. e4 dxe3 14. fxe3 O-O
15. b4 Qb5 16. e4 Qb6+ 17. Kh1 Bd7 18. Bb2 Qa6 19. d4 Rac8 20. Rc1 Bh6 21. Rxc8
Rxc8 22. Qf3 f6 23. e5 Bb5 24. Rf2 Qa4 25. exf6 Rc2 26. fxe7 Rxf2 27. Qxf2 Be8
28. Bh3 Bd7 29. Bf1 Qd1 30. Kg2 Qd2 31. Qxd2 Bxd2 32. d6 Bc6+ 33. Kf2 b5 34. d5
Be8 35. Bh3 Kf7 36. Be6# 1-0

[Event "4NCL Division 3 North"]
[Site "Bolton, ENG"]
[Date "2017.02.11"]
[Round "5.56"]
[White "Graham, Neil"]
[Black "Andrews, Norman G"]
[Result "1-0"]
[WhiteElo "1802"]
[BlackElo "1578"]
[PlyCount "59"]
[EventDate "2017.02.11"]
[WhiteTeam "Ashfield Breadsall 2"]
[BlackTeam "Jorvik"]

1. d4 Nf6 2. f3 e6 3. e4 b6 4. e5 Ng8 5. Be3 Ne7 6. Bd3 Nf5 7. Bf2 Bb7 8. Ne2
Be7 9. Ng3 Nh4 10. Rg1 O-O 11. Nd2 d5 12. Qe2 Nc6 13. c3 Ng6 14. Be3 a5 15. f4
Bh4 16. O-O-O Qc8 17. Qh5 Be7 18. f5 exf5 19. Nxf5 Ba6 20. Bc2 b5 21. Bh6 b4
22. Bxg7 bxc3 23. bxc3 Ba3+ 24. Kb1 Rb8+ 25. Nb3 a4 26. Bf6 Qxf5 27. Bxf5 axb3
28. Ka1 Bc4 29. Qh6 b2+ 30. Kb1 1-0

[Event "4NCL Division 3 North"]
[Site "Bolton, ENG"]
[Date "2017.02.11"]
[Round "5.61"]
[White "Collins, Richard A"]
[Black "Allis, Richard"]
[Result "0-1"]
[WhiteElo "1967"]
[BlackElo "2050"]
[PlyCount "164"]
[EventDate "2017.02.11"]
[WhiteTeam "Manchester Manticores 4"]
[BlackTeam "Bradford DCA Knights B"]

1. e4 d5 2. exd5 Nf6 3. Nc3 Nxd5 4. d4 c6 5. Nf3 Bf5 6. Bd3 Bxd3 7. Qxd3 e6 8.
Nxd5 Qxd5 9. Bf4 Nd7 10. O-O Be7 11. Rfe1 g5 12. Bd2 g4 13. Ne5 Nxe5 14. Rxe5
Qd7 15. Re4 h5 16. c3 O-O-O 17. Qc4 Qd5 18. Qxd5 cxd5 19. Re2 Kd7 20. Rae1 Rc8
21. Bf4 Rc6 22. Be5 f6 23. Bf4 Bd6 24. Bxd6 Rxd6 25. f4 gxf3 26. gxf3 Rg8+ 27.
Rg2 Rxg2+ 28. Kxg2 Ke7 29. Kh3 Kf7 30. Rg1 Rd8 31. Kh4 b5 32. Rc1 Rg8 33. Rc2
Rg5 34. b3 Rf5 35. Kg3 e5 36. h4 Rf4 37. a4 b4 38. cxb4 Rxd4 39. Rc7+ Kg6 40.
Rxa7 Rxb4 41. Rd7 d4 42. a5 Rxb3 43. a6 Ra3 44. a7 Kf5 45. Rb7 d3 46. Rb3 Rxa7
47. Rxd3 Rg7+ 48. Kf2 Kf4 49. Ra3 Rd7 50. Ra2 f5 51. Rb2 Rd3 52. Rb4+ e4 53.
fxe4 fxe4 54. Rb8 Rd2+ 55. Kg1 Kg3 56. Rb3+ Kxh4 57. Re3 Rd4 58. Kf2 Kg5 59.
Rg3+ Kf4 60. Rh3 Rd2+ 61. Ke1 Rd5 62. Rh4+ Kf3 63. Rh3+ Kg4 64. Re3 Kf4 65. Rh3
Re5 66. Ke2 Kg4 67. Re3 h4 68. Kf2 Rf5+ 69. Kg1 Kf4 70. Rh3 Rd5 71. Kf1 Kg4 72.
Re3 Rd4 73. Kg2 Rd2+ 74. Kh1 Kf4 75. Rh3 e3 76. Kg1 Rd1+ 77. Kg2 e2 78. Kh2
Rh1+ 79. Kxh1 e1=Q+ 80. Kh2 Qf2+ 81. Kh1 Qe1+ 82. Kh2 Kg4 0-1

[Event "4NCL Division 3 North"]
[Site "Bolton, ENG"]
[Date "2017.02.11"]
[Round "5.62"]
[White "Barker, Arron"]
[Black "Livesey, R Nigel"]
[Result "1-0"]
[WhiteElo "1907"]
[BlackElo "1870"]
[PlyCount "155"]
[EventDate "2017.02.11"]
[WhiteTeam "Bradford DCA Knights B"]
[BlackTeam "Manchester Manticores 4"]

1. e4 c6 2. d4 d5 3. exd5 cxd5 4. Nf3 Nc6 5. Bd3 Bg4 6. c3 g6 7. h3 Bxf3 8.
Qxf3 Nf6 9. O-O Bg7 10. Re1 O-O 11. Nd2 e5 12. dxe5 Re8 13. Qd1 Nxe5 14. Nb3
Nxd3 15. Rxe8+ Qxe8 16. Qxd3 Qe1+ 17. Qf1 Re8 18. Be3 Qxf1+ 19. Kxf1 a6 20. Rd1
b5 21. Bd4 Rd8 22. Nc5 Rd6 23. Bxf6 Bxf6 24. Ne4 Re6 25. Nxf6+ Rxf6 26. Rxd5
Re6 27. Rd4 h5 28. a4 bxa4 29. Rxa4 Kf8 30. f3 Ke7 31. Rd4 Rb6 32. b4 Rb5 33.
Ke2 a5 34. bxa5 Rxa5 35. Kd3 Ra2 36. Re4+ Kd7 37. Re2 Ra3 38. Kd4 f6 39. c4 Ra1
40. Kc5 Rc1 41. Rb2 h4 42. Re2 Rc3 43. Kd4 Rc1 44. Kd3 Ra1 45. Rc2 Ra3+ 46. Ke4
Ke6 47. Rb2 Rc3 48. Rb6+ Ke7 49. Kd5 Rd3+ 50. Kc6 Rd2 51. c5 Rxg2 52. Rb3 Rc2
53. Re3+ Kd8 54. Kd6 Rd2+ 55. Ke6 Rh2 56. Kd6 Rd2+ 57. Kc6 f5 58. Re5 Ra2 59.
Kd6 Rd2+ 60. Kc6 Ra2 61. Re3 Rc2 62. Ra3 Ke7 63. Kb6 Rb2+ 64. Kc7 Rc2 65. c6
Ke6 66. Rd3 Ke7 67. Re3+ Kf7 68. Kd7 Rd2+ 69. Kc8 Rc2 70. c7 Rc1 71. Rd3 Ke7
72. Rd7+ Ke8 73. Rg7 Rc3 74. Rxg6 Rb3 75. Re6+ Kf7 76. Kd7 Rc3 77. Rc6 Rd3+ 78.
Rd6 1-0

[Event "4NCL Division 3 North"]
[Site "Bolton, ENG"]
[Date "2017.02.11"]
[Round "5.63"]
[White "Raghavendra, Mahima"]
[Black "Bramson, Mike"]
[Result "1/2-1/2"]
[WhiteElo "1772"]
[BlackElo "1899"]
[PlyCount "65"]
[EventDate "2017.02.11"]
[WhiteTeam "Manchester Manticores 4"]
[BlackTeam "Bradford DCA Knights B"]

1. e4 e5 2. Nf3 Nc6 3. Nc3 Bc5 4. Nxe5 Bxf2+ 5. Kxf2 Nxe5 6. d4 Ng6 7. Be3 d6
8. Bd3 Nf6 9. h3 O-O 10. Rf1 d5 11. e5 Ne4+ 12. Bxe4 dxe4 13. Kg1 Nh4 14. Qh5
g6 15. Qg5 Bxh3 16. Qxd8 Raxd8 17. gxh3 Nf3+ 18. Rxf3 exf3 19. Ne4 f5 20. Ng5
f4 21. Bf2 Rf5 22. Nxf3 g5 23. Kh2 Kf7 24. Rg1 Rg8 25. h4 g4 26. Ng5+ Ke7 27.
Kg2 h6 28. Ne4 g3 29. Be1 f3+ 30. Kf1 g2+ 31. Kf2 Rg4 32. Ke3 Ke6 33. c4
1/2-1/2

[Event "4NCL Division 3 North"]
[Site "Bolton, ENG"]
[Date "2017.02.11"]
[Round "5.64"]
[White "Slinger, Tony J"]
[Black "Rahulan, Thivyaa"]
[Result "1-0"]
[WhiteElo "1899"]
[BlackElo "1735"]
[PlyCount "95"]
[EventDate "2017.02.11"]
[WhiteTeam "Bradford DCA Knights B"]
[BlackTeam "Manchester Manticores 4"]

1. e4 c5 2. Nf3 d6 3. d4 cxd4 4. Nxd4 Nf6 5. Nc3 g6 6. Be3 Bg7 7. f3 O-O 8. Qd2
Nc6 9. O-O-O d5 10. Qe1 e5 11. Nxc6 bxc6 12. exd5 cxd5 13. Bg5 Be6 14. Qxe5 Ng4
15. Bxd8 Bxe5 16. Be7 Rfe8 17. fxg4 Rxe7 18. Nxd5 Rb7 19. b3 Bxg4 20. Re1 Bg7
21. Bc4 Be6 22. Ne3 Bxc4 23. Nxc4 Rd7 24. Re2 Rad8 25. Nb2 Bh6+ 26. Kb1 Rd2 27.
Rhe1 Kf8 28. Nd3 Rc8 29. Rxd2 Bxd2 30. Re2 Bc3 31. a3 Rd8 32. Ka2 f5 33. b4 Bg7
34. Kb3 Rd4 35. Nc5 Kf7 36. Ne6 Rd7 37. Nxg7 Kxg7 38. a4 Kf7 39. b5 g5 40. Kb4
Rd4+ 41. c4 Rd1 42. c5 Rb1+ 43. Ka5 Rc1 44. c6 Rc4 45. Ra2 f4 46. Ka6 Ke6 47.
Kxa7 Kd6 48. b6 1-0

[Event "4NCL Division 3 North"]
[Site "Bolton, ENG"]
[Date "2017.02.11"]
[Round "5.65"]
[White "Gawne, Martin"]
[Black "Johnson, Paul A"]
[Result "1/2-1/2"]
[WhiteElo "1802"]
[BlackElo "1868"]
[PlyCount "51"]
[EventDate "2017.02.11"]
[WhiteTeam "Manchester Manticores 4"]
[BlackTeam "Bradford DCA Knights B"]

1. e4 e5 2. Nc3 Nf6 3. f4 d5 4. d3 Nc6 5. fxe5 Nxe5 6. d4 Ng6 7. e5 Ne4 8. Nf3
Bb4 9. Bd2 Nxd2 10. Qxd2 O-O 11. Be2 Be6 12. O-O f6 13. exf6 Rxf6 14. Ng5 Qe7
15. Rxf6 Qxf6 16. Rf1 Qe7 17. Qe3 Re8 18. Qxe6+ Qxe6 19. Nxe6 Bxc3 20. Bg4 Ba5
21. c3 Bb6 22. Ng5 Nf8 23. Nh3 c6 24. Nf4 Bc7 25. Nd3 Bd6 26. g3 1/2-1/2

[Event "4NCL Division 3 North"]
[Site "Bolton, ENG"]
[Date "2017.02.11"]
[Round "5.66"]
[White "Dean, Robert A"]
[Black "Pollard, Matthew B"]
[Result "1/2-1/2"]
[WhiteElo "1841"]
[BlackElo "1727"]
[PlyCount "146"]
[EventDate "2017.02.11"]
[WhiteTeam "Bradford DCA Knights B"]
[BlackTeam "Manchester Manticores 4"]

1. Nf3 Nf6 2. d4 g6 3. Bg5 Bg7 4. Nbd2 O-O 5. e3 d6 6. Bd3 Nbd7 7. O-O a6 8.
Re1 c5 9. c3 b5 10. a4 c4 11. Bc2 Bb7 12. e4 h6 13. Bh4 e5 14. Qe2 Qc7 15. Rac1
Nh5 16. b3 g5 17. Bg3 Nxg3 18. hxg3 d5 19. exd5 exd4 20. Nxd4 Rfe8 21. Qg4 Nf6
22. Qf5 Bxd5 23. b4 Qb7 24. N2f3 Be4 25. Bxe4 Rxe4 26. axb5 Rae8 27. Rxe4 Rxe4
28. bxa6 Qxa6 29. Qa5 Qxa5 30. bxa5 Nd5 31. Nd2 Re8 32. Nxc4 Nxc3 33. Rxc3 Bxd4
34. Rc2 Re1+ 35. Kh2 Ra1 36. g4 Bf6 37. Rd2 Kg7 38. Rd7 Bc3 39. Rd5 Ra4 40. Ne3
Rxa5 41. Nf5+ Kg6 42. Rd6+ f6 43. Rd7 Rxf5 44. gxf5+ Kxf5 45. Rd3 Be5+ 46. g3
Kg6 47. Kg2 Kf5 48. f3 Kg6 49. Rb3 h5 50. Rb4 Bc3 51. Rc4 Be1 52. Kh3 h4 53.
gxh4 gxh4 54. Rc5 f5 55. Rc4 Kg5 56. Rd4 Bg3 57. Rc4 f4 58. Rc5+ Kf6 59. Kg4
Ke6 60. Rh5 Kf6 61. Rh6+ Ke5 62. Rxh4 Bxh4 63. Kxh4 Kf6 64. Kg4 Kg6 65. Kxf4
Kf6 66. Ke4 Ke6 67. f4 Kf6 68. f5 Kf7 69. Ke5 Ke7 70. f6+ Kf7 71. Kf5 Kf8 72.
Ke6 Ke8 73. f7+ Kf8 1/2-1/2

[Event "4NCL Division 3 North"]
[Site "Bolton, ENG"]
[Date "2017.02.11"]
[Round "5.71"]
[White "Trueman, Glenn"]
[Black "Willow, Jonah B"]
[Result "1/2-1/2"]
[WhiteElo "1982"]
[BlackElo "2110"]
[Annotator "Barnes,Lara"]
[PlyCount "25"]
[EventDate "2017.02.11"]
[WhiteTeam "Manchester Manticores 3"]
[BlackTeam "Ashfield Breadsall 1"]

1. Nf3 c5 2. g3 Nc6 3. Bg2 g6 4. O-O Bg7 5. c4 e6 6. e3 Nge7 7. Nc3 O-O 8. d4
cxd4 9. Nxd4 Nxd4 10. exd4 d5 11. cxd5 Nxd5 12. Nxd5 exd5 13. Be3 1/2-1/2

[Event "4NCL Division 3 North"]
[Site "Bolton, ENG"]
[Date "2017.02.11"]
[Round "5.72"]
[White "Walker, Andrew N"]
[Black "Lyth, John D"]
[Result "1-0"]
[WhiteElo "2061"]
[BlackElo "1900"]
[Annotator "Barnes,Lara"]
[PlyCount "85"]
[EventDate "2017.02.11"]
[WhiteTeam "Ashfield Breadsall 1"]
[BlackTeam "Manchester Manticores 3"]

1. e4 e5 2. Nf3 Nc6 3. Bb5 a6 4. Ba4 Nf6 5. O-O Be7 6. Qe2 b5 7. Bb3 O-O 8. c3
d5 9. d3 d4 10. Bg5 h6 11. Bh4 Bg4 12. h3 Bh5 13. Bxf6 Bxf6 14. g4 Bg6 15. Bd5
Qd7 16. cxd4 Rae8 17. Bxc6 Qxc6 18. dxe5 Bxe5 19. Nxe5 Rxe5 20. Nc3 f6 21. Qe3
Qd6 22. Rac1 Rd8 23. Rfd1 Bf7 24. b3 Rde8 25. Ne2 h5 26. Qd4 Qa3 27. f4 R5e7
28. Rc2 hxg4 29. hxg4 Qd6 30. Qxd6 cxd6 31. Ng3 d5 32. Rdc1 dxe4 33. dxe4 Be6
34. f5 Bd7 35. Rc7 Kf7 36. Kf2 a5 37. Ra7 a4 38. Rcc7 axb3 39. axb3 Bc6 40. Ke3
Ba8 41. Rxe7+ Rxe7 42. Rxa8 Rd7 43. Rb8 1-0

[Event "4NCL Division 3 North"]
[Site "Bolton, ENG"]
[Date "2017.02.11"]
[Round "5.73"]
[White "Jaques, Andrew"]
[Black "Combie, Alex B"]
[Result "1-0"]
[WhiteElo "1952"]
[BlackElo "1978"]
[PlyCount "67"]
[EventDate "2017.02.11"]
[WhiteTeam "Manchester Manticores 3"]
[BlackTeam "Ashfield Breadsall 1"]

1. e4 c5 2. Nc3 a6 3. f4 b5 4. g3 Bb7 5. Bg2 e6 6. Qe2 b4 7. Nd1 d5 8. d3 dxe4
9. dxe4 Nc6 10. Nf3 Nd4 11. Nxd4 cxd4 12. Bd2 Bc6 13. Nf2 Bb5 14. Nd3 Nf6 15.
O-O Bc5 16. e5 Nd5 17. Qg4 Bf8 18. f5 Qb6 19. fxe6 Qxe6 20. Qxd4 Rd8 21. Bg5
Rd7 22. Qh4 Bxd3 23. cxd3 Bc5+ 24. d4 Be7 25. Bh3 Qc6 26. Rac1 Qb7 27. Rxf7
Kxf7 28. e6+ Ke8 29. exd7+ Kf7 30. Bxe7 Nxe7 31. Rf1+ Kg6 32. Qxe7 Qd5 33. Bf5+
Qxf5 34. Rxf5 1-0

[Event "4NCL Division 3 North"]
[Site "Bolton, ENG"]
[Date "2017.02.11"]
[Round "5.74"]
[White "Truman, Richard G"]
[Black "Hilton, Tim"]
[Result "1/2-1/2"]
[WhiteElo "1964"]
[BlackElo "1930"]
[Annotator "Barnes,Lara"]
[PlyCount "75"]
[EventDate "2017.02.11"]
[WhiteTeam "Ashfield Breadsall 1"]
[BlackTeam "Manchester Manticores 3"]

1. e4 e6 2. d4 d5 3. Nd2 Nf6 4. e5 Nfd7 5. Bd3 c5 6. c3 Nc6 7. Ne2 cxd4 8. cxd4
f6 9. exf6 Nxf6 10. Nf3 Bd6 11. Bg5 O-O 12. O-O Qc7 13. Rc1 h6 14. Bh4 Nh5 15.
Bb1 g5 16. Bg3 Bxg3 17. fxg3 Qg7 18. Qd3 Bd7 19. Ne5 Nxe5 20. dxe5 Rxf1+ 21.
Rxf1 Rf8 22. Rxf8+ Kxf8 23. Qa3+ Qe7 24. Qxa7 Qb4 25. Qf2+ Kg7 26. Nc3 Qg4 27.
Qf3 Qd4+ 28. Kf1 Be8 29. Qd3 Qxe5 30. Qh7+ Kf8 31. Qxh6+ Ke7 32. Qh7+ Ng7 33.
Qd3 Bc6 34. Qe2 Qd4 35. Qd3 Qe5 36. Qe2 Qd4 37. Qd3 Qe5 38. Qe2 1/2-1/2

[Event "4NCL Division 3 North"]
[Site "Bolton, ENG"]
[Date "2017.02.11"]
[Round "5.75"]
[White "Potter, Steven"]
[Black "Levens, David G"]
[Result "1-0"]
[WhiteElo "1922"]
[BlackElo "1967"]
[PlyCount "107"]
[EventDate "2017.02.11"]
[WhiteTeam "Manchester Manticores 3"]
[BlackTeam "Ashfield Breadsall 1"]

1. d4 f5 2. Bg5 h6 3. Bh4 g5 4. Bg3 Nf6 5. e4 fxe4 6. Be2 Rh7 7. Nc3 d5 8. Nb5
Na6 9. Be5 Be6 10. h4 Kd7 11. hxg5 hxg5 12. Rxh7 Nxh7 13. Nc3 c6 14. Bxa6 bxa6
15. Nge2 Bg4 16. f3 exf3 17. gxf3 Bf5 18. Ng3 Bg6 19. f4 e6 20. Qe2 gxf4 21.
Bxf4 Bg7 22. Qxa6 Qb6 23. Qxb6 axb6 24. O-O-O c5 25. dxc5 Bxc3 26. c6+ Kxc6 27.
bxc3 Rxa2 28. Rd2 Nf6 29. Ne2 Ne4 30. Nd4+ Kd7 31. Rg2 Bf7 32. Rg7 Ke8 33. Nb5
Ra1+ 34. Kb2 Rh1 35. Bc7 Kf8 36. Rg2 Nc5 37. Rf2 Rh7 38. Rf4 Nd7 39. Rg4 Rg7
40. Ra4 e5 41. Ra7 Rg6 42. Bd6+ Rxd6 43. Nxd6 Be6 44. Nc8 e4 45. Kc1 Nc5 46.
Nxb6 e3 47. Kd1 Bg4+ 48. Ke1 e2 49. Nxd5 Ne4 50. Ra4 Bf3 51. c4 Kg7 52. Nf4 Bg4
53. Ra6 Nc5 54. Rg6+ 1-0

[Event "4NCL Division 3 North"]
[Site "Bolton, ENG"]
[Date "2017.02.11"]
[Round "5.76"]
[White "Ukken, Somton"]
[Black "Altham, John T"]
[Result "1-0"]
[WhiteElo "1907"]
[BlackElo "1922"]
[PlyCount "57"]
[EventDate "2017.02.11"]
[WhiteTeam "Ashfield Breadsall 1"]
[BlackTeam "Manchester Manticores 3"]

1. d4 d5 2. c4 e6 3. Nf3 f5 4. Nc3 c6 5. g3 Nf6 6. Bg2 Bd6 7. Bf4 O-O 8. e3 Ne4
9. c5 Be7 10. O-O Nd7 11. Qc2 g5 12. Be5 g4 13. Ne1 Nxe5 14. Nxe4 fxe4 15. dxe5
Qe8 16. Qe2 Qg6 17. Rc1 Bd7 18. h3 h5 19. h4 Rf5 20. Qd2 Bd8 21. Bxe4 dxe4 22.
Qxd7 Bxh4 23. gxh4 Raf8 24. Ng2 Rf3 25. Nf4 R8xf4 26. exf4 g3 27. Qd8+ Kh7 28.
Qg5 gxf2+ 29. Kg2 1-0

[Event "4NCL Division 3 North"]
[Site "Bolton, ENG"]
[Date "2017.02.11"]
[Round "5.81"]
[White "Bennett, Patrick"]
[Black "Peacock, Malcolm R"]
[Result "1/2-1/2"]
[WhiteElo "2014"]
[BlackElo "2125"]
[PlyCount "106"]
[EventDate "2017.02.11"]
[WhiteTeam "Holmes Chapel"]
[BlackTeam "Manchester Manticores 2"]

1. Nf3 Nf6 2. g3 c5 3. Bg2 g6 4. O-O Bg7 5. c4 O-O 6. Nc3 Nc6 7. d3 d6 8. a3
Bg4 9. h3 Bd7 10. Bd2 Rc8 11. Kh2 b6 12. Rb1 Ne8 13. b4 Nc7 14. Qc1 Nd4 15. b5
Nxf3+ 16. Bxf3 Re8 17. a4 e6 18. Ne4 Qe7 19. Bf4 e5 20. Bd2 d5 21. cxd5 Nxd5
22. Bg2 Nc7 23. Bc3 Ne6 24. Ba1 Nd4 25. e3 Nf5 26. Nc3 Red8 27. Nd5 Qd6 28. Qa3
Be6 29. Nc3 Qe7 30. Rbd1 Rd7 31. Bc6 Rdd8 32. Ne4 c4 33. Qxe7 Nxe7 34. dxc4
Bxc4 35. Rxd8+ Rxd8 36. Rc1 Bb3 37. f4 f5 38. Ng5 h6 39. Nf3 exf4 40. gxf4 Bxa1
41. Rxa1 Rd1 42. Ra3 Bc2 43. Nd4 Rd2+ 44. Kg1 Be4 45. Rc3 Rd3 46. Rxd3 Bxd3 47.
Bd7 Kf7 48. Be6+ Kf6 49. Kf2 Be4 50. h4 Nd5 51. Bg8 Nc3 52. Bb3 Ke7 53. Ke1 Nd5
1/2-1/2

[Event "4NCL Division 3 North"]
[Site "Bolton, ENG"]
[Date "2017.02.11"]
[Round "5.82"]
[White "Mazek, Marek"]
[Black "Doran, Chris"]
[Result "0-1"]
[WhiteElo "2110"]
[BlackElo "1960"]
[PlyCount "120"]
[EventDate "2017.02.11"]
[WhiteTeam "Manchester Manticores 2"]
[BlackTeam "Holmes Chapel"]

1. e4 c5 2. Nf3 d6 3. d4 cxd4 4. Nxd4 Nf6 5. Nc3 g6 6. Bc4 Bg7 7. f3 O-O 8. Be3
Nc6 9. Qd2 Bd7 10. O-O-O Rc8 11. h4 Nxd4 12. Qxd4 Ng4 13. Bxf7+ Rxf7 14. Qxa7
Nxe3 15. Qxe3 Qa5 16. Rd5 Rc5 17. Rxc5 Qxc5 18. Qxc5 dxc5 19. Nd5 Bc6 20. c4 e6
21. Ne3 Rd7 22. Kc2 h5 23. Re1 Be5 24. g4 Kf7 25. gxh5 gxh5 26. Ng2 Rd4 27. b3
Bc7 28. Re2 b5 29. cxb5 Bxb5 30. Re1 Ba5 31. Rd1 Rxd1 32. Kxd1 c4 33. bxc4 Bxc4
34. a3 Bd8 35. e5 Kg6 36. f4 Be7 37. Ne3 Bb3+ 38. Kd2 Bxa3 39. Kc3 Bc1 40. f5+
exf5 41. Nxf5 Ba2 42. Ne7+ Kf7 43. Nc6 Ke6 44. Nb4 Bb1 45. Nd3 Be3 46. Kc4 Ba2+
47. Kc3 Bd5 48. Nb4 Be4 49. Nc2 Bf4 50. Nb4 Kxe5 51. Nd3+ Kf5 52. Nc5 Bf3 53.
Kd4 Kg4 54. Ne6 Bh6 55. Ke5 Kxh4 56. Nd4 Bg7+ 57. Kf4 Bg4 58. Nc6 Bh6+ 59. Ke4
Kg3 60. Ne5 h4 0-1

[Event "4NCL Division 3 North"]
[Site "Bolton, ENG"]
[Date "2017.02.11"]
[Round "5.83"]
[White "Turner, John M"]
[Black "Timson, Paul F"]
[Result "1/2-1/2"]
[WhiteElo "2009"]
[BlackElo "2065"]
[PlyCount "74"]
[EventDate "2017.02.11"]
[WhiteTeam "Holmes Chapel"]
[BlackTeam "Manchester Manticores 2"]

1. e4 c5 2. Nc3 Nc6 3. Bb5 Nd4 4. Bc4 g6 5. Nf3 Bg7 6. Nxd4 cxd4 7. Qf3 e6 8.
Nb5 d6 9. Qa3 Be5 10. O-O Ne7 11. f4 a6 12. fxe5 axb5 13. Bxb5+ Bd7 14. Bxd7+
Kxd7 15. Qxd6+ Ke8 16. Qxd8+ Rxd8 17. d3 Nc6 18. a3 Ra8 19. Bf4 h5 20. h3 h4
21. Bg5 Rh5 22. Bf6 Nxe5 23. Rf4 Rc8 24. Bxe5 Rxe5 25. Rc1 g5 26. Rf2 f5 27.
exf5 exf5 28. Kf1 Ke7 29. Re2 Rxe2 30. Kxe2 Kf6 31. c3 g4 32. hxg4 fxg4 33.
Rf1+ Kg5 34. Rf7 dxc3 35. bxc3 Rxc3 36. Rxb7 Rc2+ 37. Kf1 Rc1+ 1/2-1/2

[Event "4NCL Division 3 North"]
[Site "Bolton, ENG"]
[Date "2017.02.11"]
[Round "5.84"]
[White "Flores, Marcial"]
[Black "Scattergood, Ben"]
[Result "1-0"]
[WhiteElo "2065"]
[BlackElo "1825"]
[PlyCount "43"]
[EventDate "2017.02.11"]
[WhiteTeam "Manchester Manticores 2"]
[BlackTeam "Holmes Chapel"]

1. Nf3 Nf6 2. g3 d5 3. Bg2 e6 4. O-O b6 5. b3 c5 6. Bb2 Bb7 7. d4 Nbd7 8. Nbd2
Rc8 9. c4 Bd6 10. Ne5 O-O 11. e3 Qc7 12. Ng4 cxd4 13. Nxf6+ Nxf6 14. exd4 Bb4
15. Rc1 Qd7 16. Nf3 Ba6 17. Ne5 Qe7 18. a3 dxc4 19. axb4 Qxb4 20. Nc6 Qd6 21.
Ra1 c3 22. Ba3 1-0

[Event "4NCL Division 3 North"]
[Site "Bolton, ENG"]
[Date "2017.02.11"]
[Round "5.85"]
[White "Bates, Ian W"]
[Black "Mulleady, Peter J"]
[Result "0-1"]
[WhiteElo "1855"]
[BlackElo "2080"]
[PlyCount "177"]
[EventDate "2017.02.11"]
[WhiteTeam "Holmes Chapel"]
[BlackTeam "Manchester Manticores 2"]

1. e4 d5 2. exd5 Nf6 3. Bb5+ Bd7 4. Bc4 b5 5. Bb3 a5 6. a3 Na6 7. Nf3 Nc5 8.
Ba2 Bf5 9. Qe2 Bxc2 10. Qxb5+ Nfd7 11. Qc4 Be4 12. Nc3 Nd3+ 13. Kf1 Nxc1 14.
Rxc1 Bxf3 15. gxf3 Nb6 16. Qf4 Qd6 17. Qxd6 cxd6 18. Nb5 Kd8 19. Kg2 g6 20. Nd4
Bg7 21. Nc6+ Kd7 22. Rc2 Rhc8 23. Rhc1 Bf6 24. f4 Na4 25. b3 Nc5 26. Rc4 Bb2
27. R1c2 Bxa3 28. d4 Nd3 29. Kg3 h5 30. Re2 e6 31. dxe6+ fxe6 32. Rec2 Rf8 33.
Bb1 Nxf4 34. Ra2 Bc1 35. Rxc1 g5 36. f3 Ra6 37. Be4 d5 38. Ne5+ Ke7 39. Rc7+
Kd8 40. Rd7+ Ke8 41. Rc2 Ra8 42. Rcc7 Rf6 43. Re7+ Kf8 44. Rf7+ Rxf7 45. Rxf7+
Ke8 46. Rh7 Ra6 47. Rh8+ Ke7 48. Ng6+ Kf6 49. Bb1 Ne2+ 50. Kf2 Nxd4 51. Rb8 Rc6
52. Nf8 Rc1 53. Bg6 h4 54. Be8 Rc3 55. Nh7+ Kf5 56. Bh5 Rxb3 57. Rf8+ Ke5 58.
Nxg5 Rb2+ 59. Kg1 Ne2+ 60. Kf1 Nc3 61. f4+ Kd6 62. Rf6 a4 63. Rxe6+ Kc5 64. Ra6
Rb4 65. Ne6+ Kb5 66. Ra8 Kc4 67. f5 Ne4 68. Be2+ Kc3 69. Nc7 Rb1+ 70. Kg2 Rb2
71. Kf3 Ng5+ 72. Kg4 Rxe2 73. Kxg5 Rxh2 74. Nxd5+ Kd4 75. Ne7 Ke5 76. Rxa4 Rg2+
77. Rg4 h3 78. Ng6+ Kd6 79. Nf4 Rxg4+ 80. Kxg4 h2 81. f6 h1=Q 82. Kf5 Qh7+ 83.
Kg5 Ke5 84. Ng6+ Ke4 85. Ne7 Qf7 86. Nf5 Ke5 87. Nh6 Qxf6+ 88. Kh5 Kf4 89. Nf7
0-1

[Event "4NCL Division 3 North"]
[Site "Bolton, ENG"]
[Date "2017.02.11"]
[Round "5.86"]
[White "Webster, Richard J"]
[Black "Roberts, Malcolm A"]
[Result "1-0"]
[WhiteElo "2020"]
[BlackElo "1684"]
[Annotator "Barnes,Lara"]
[PlyCount "121"]
[EventDate "2017.02.11"]
[WhiteTeam "Manchester Manticores 2"]
[BlackTeam "Holmes Chapel"]

1. c4 e5 2. Nc3 Nf6 3. Nf3 Nc6 4. g3 Be7 5. Bg2 d6 6. d4 exd4 7. Nxd4 Nxd4 8.
Qxd4 c6 9. O-O O-O 10. Rd1 Be6 11. e4 Qc7 12. Bf4 c5 13. Qd3 a6 14. b3 Rfd8 15.
Qe2 Bg4 16. f3 Be6 17. Rd3 Nh5 18. Be3 g6 19. Rad1 Ng7 20. Qf2 Rab8 21. a4 b6
22. g4 Qc8 23. Bf4 Ne8 24. Qg3 Rb7 25. h4 f6 26. Bc1 Bf8 27. Kh2 Rdd7 28. f4
Rg7 29. g5 fxg5 30. hxg5 Rbc7 31. Bh3 Bxh3 32. Qxh3 Qxh3+ 33. Rxh3 Rgf7 34. Nd5
Rb7 35. Bb2 Bg7 36. Bxg7 Kxg7 37. Kg3 Kf8 38. Rdh1 Kg8 39. Kg4 b5 40. axb5 axb5
41. f5 bxc4 42. fxg6 Rg7 43. gxh7+ Rxh7 44. Rxh7 Rxh7 45. Rxh7 Kxh7 46. bxc4
Kg6 47. Ne7+ Kf7 48. Nf5 Kg6 49. Kf4 Kf7 50. Nh4 Ke6 51. Nf3 Ng7 52. Kg4 Ke7
53. Nh4 Ke6 54. Nf5 Ne8 55. g6 Nf6+ 56. Kf4 Ne8 57. g7 Kf7 58. e5 dxe5+ 59.
Kxe5 Nc7 60. Kd6 Ne6 61. g8=Q+ 1-0

[Event "4NCL Division 3 North"]
[Site "Bolton, ENG"]
[Date "2017.02.11"]
[Round "5.91"]
[White "Procter, Colin S"]
[Black "Gittens, Nathan L"]
[Result "1-0"]
[WhiteElo "1775"]
[BlackElo "1833"]
[Annotator "Barnes,Lara"]
[PlyCount "41"]
[EventDate "2017.02.11"]
[WhiteTeam "Bradford DCA Knights C"]
[BlackTeam "3Cs 3"]

1. Nf3 d5 2. g3 e6 3. Bg2 b6 4. O-O Nf6 5. d4 Nbd7 6. c4 Bd6 7. Nc3 a6 8. Re1
Bb7 9. cxd5 exd5 10. Bg5 h6 11. Bxf6 Nxf6 12. Ne5 O-O 13. Qb3 Be7 14. Rac1 Qd6
15. e4 dxe4 16. Nxe4 Nxe4 17. Bxe4 Bxe4 18. Rxe4 Rac8 19. Rce1 Qb4 20. Nc6 Qxb3
21. Nxe7+ 1-0